| 000 | 00449nam a2200169 a 4500 | ||
|---|---|---|---|
| 001 | 4334 | ||
| 003 | CDMR | ||
| 005 | 20131024174701.0 | ||
| 008 | 130130s1991||||||||||||||||||||||||||||d | ||
| 020 | _a9783923085385 | ||
| 040 |
_aCDMR _bcat _cCPC GIRONA |
||
| 245 | 0 | _aEC Bans on Advertising, the Consequences | |
| 260 |
_c1991 _bZAW _aBonn |
||
| 500 | _aPublicació trilíngüe francès, alemany i anglès | ||
| 650 | 0 | 4 |
_92723 _aCensura |
| 942 |
_cMON _2udc |
||
| 999 |
_c4334 _d4334 |
||